| 000 | 00676nam a22001697a 4500 | ||
|---|---|---|---|
| 999 |
_c63633 _d63633 |
||
| 003 | Ge_BSU | ||
| 005 | 20251119200434.0 | ||
| 008 | 251119s1969 ge ||||| |||| 00| 0 geo d | ||
| 041 | _ageo | ||
| 080 | _a63(479.22) ქ-30 | ||
| 100 |
_aქარუმიძე, ვახტანგი _926277 |
||
| 245 |
_aწარმატების საწინდარი / _c ვახტანგ ქარუმიძე. |
||
| 264 |
_aთბილისი : _b საბჭ. საქართველო, _c1969. |
||
| 300 |
_a115 გვ. : ; _b16 სმ. |
||
| 653 | _aსაქართველოს სოფლის მეურნეობა. | ||
| 942 |
_2udc _cBK |
||